01218nam a2200265Ia 4500001000600000003000900006008004100015040001300056040001300069041001200082100002600094100002900120245006700149245003900216250001100255260001100266260001600277260004900293300005600342500043300398650003900831650003100870700002200901700002900923F7401IT-RoPAU130308s9999 xx 000 0 und d aIT-RoPAU cIT-RoPAU aINGLESE aGaritaonandia Carmelo gCodice Aut. SPICS: 32274 aTelevision in the regions and the European Audio-Visual Space  bDecentralization in The global Era a1a ed. aLONDRA bJohn Libbey c1995 [1° Ed.:1995 - Ed.Ling.Originale:1995] a"16 p. (prefazione: no ; testo: 16 [pagine: 5-20])" aTelevisione nelle regioni e Lo Spazio Audio visivo Europeo. Autorità€ degli Stati nel settore della Comunicazione. varie implicazioni delle Politichedi Comunicazione: Mass Media, Telecomunicazioni e Sviluppo. Studi e documentazione Sulla Televisione nelle Regioni. Differenze tra le regioni Europeeall'Interno della Tipologia delle compagnie televisive Regionali. ragioni per una Politica della Comunicazione regionale Europea. aTEORIA DELLA COMUNICAZIONE SOCIALE eCodice materia Spics: 3802 aDe Moragas Miquel gCodice Aut. SPICS: 22863